000 00819cam a22002771 4500
001 7538121
003 ARRUPE
005 20160404103708.0
008 720925s1966 enka b 000 0 eng
010 _a 66074459
015 _aB66-15219
035 _a(OCoLC)413451
040 _aDLC
_cOKentU
_dOCoLC
_dUk
_dDLC
042 _apremarc
050 0 0 _aPN2061.H6
082 _a792.028
100 1 _aHodgson, John Reed.
_923502
245 1 0 _aImprovisation;
_cby John Hodgson and Ernest Richards.
260 _aLondon,
_bEyre Methuen,
_c1966.
300 _axi, 209 p.
_bdiagrs.
_c23 cm.
504 _a"Plays referred to in the text": p. 199-203.
650 0 _aActing.
_923241
700 1 _aRichards, Ernest,
_ejoint author.
_923503
906 _a7
_bcbc
_coclcrpl
_du
_encip
_f19
_gy-gencatlg
942 _2lcc
_cMONOGRAPH
999 _c124520
_d124520